01149nam a2200193Ia 4500001001100000003001000011008004100021040002500062041001300087100002000100245006300120250001100183260007500194300001100269500026400280501011400544520026400658650003300922L840-49617IT-CnALBA170116s9999||||xx |||||||||||||| ||und|| aIT-CnALBAcIT-CnALBA aITALIANO aFRANCHI LORENZO 0aBIANCA E ALTRI RACCONTI. REALTÀ DELLA VITA E PARADOSSO.  a1a ed. aFIRENZEbL'AUTORE LIBRIc1996 [1° Ed.:1996 - Ed.Ling.Originale: 1996] a83 p.  aXVI RACCONTI SULLA REALTÀ E PARADOSSO. ESISTENZA E ALIENAZIONE. INDIVIDUI SOLI ESCLUSI DALLA VITA. FINO ALLA DISPERAZIONE. CONDANNATI ALLA POVERTÀ DALLA PREPOTENZA DI ALTRI. IL FLAUTO. GENTE DI MARE. RITORNO IN MONTAGNA. UN IDIOTA. LA STRANIERA. IL PROFES aSocietà San Paolo EM - Piazza San Paolo, 14 - 12051 ALBA (CN) (non commercial uses only) ® Copyright 2017 aXVI RACCONTI SULLA REALTÀ E PARADOSSO. ESISTENZA E ALIENAZIONE. INDIVIDUI SOLI ESCLUSI DALLA VITA. FINO ALLA DISPERAZIONE. CONDANNATI ALLA POVERTÀ DALLA PREPOTENZA DI ALTRI. IL FLAUTO. GENTE DI MARE. RITORNO IN MONTAGNA. UN IDIOTA. LA STRANIERA. IL PROFES aLETTERATURA FRANCESE E ALTRE